000 00698nas a2200229 i 4500
001 1617
003 ES-MaACL
005 20250808011644.0
008 950801d18411841sp | | 1 ||pa d
080 _a008
245 0 3 _aEl Pensamiento
_b: periódico de literatura y artes.
260 _a[Madrid :
_bImp. D.F. Suarez,
_c1841.
300 _a1 v. ;
_c27 cm.
362 0 _a[1. ser., t. 1, 1. entrega-1. ser., t. 1, 12. entrega]
500 _aEjemplar carente de portada.
500 _aDatos tomados de : Palau n. 217194.
650 1 7 _aLiteratura espaƱola
_2embne
_914539
650 7 _aVida intelectual
_2embne
_9159621
852 _aES-MaACL
_jHem-735
866 0 _o1841
999 _c1617
_d1617